Statistics for IMDB Top 20 Best Films

Click here to take the quiz!

General Stats

  • This quiz has been taken 2,143 times
    (2,114 since last reset)
  • The average score is 13 of 20

Answer Stats

OrderHintAnswer% Correct
2Don Vito CorleoneThe Godfather
96%
5John Travolta and Samuel L JacksonPulp Fiction
89%
10When he associates himself with Tyler (Brad Pitt) he is dragged into an underground fight club and soap making scheme.Fightclub
88%
3Part 2 of the film above.The Godfather Part 2
87%
6Shows The Evil Treatment In A Nazi CampSchindlers List
76%
4"Lets put a smile on that face."The Dark Knight
75%
14A film which confuses viewers to the point of an endless amount of views. You can enter a dream within a dream and so on.Inception
74%
1"Get busy livin, Or get busy dyin."The Shawshank Redemption
73%
11"One Ring Will Rule Them All"The Lord Of The Rings:Fellowship Of The Ring
67%
13He meets Elvis, JFK, the Black panther group and many many more historical events.Forrest Gump
64%
19Ben Kenobi Dies In This Film.Star Wars: Episode 4: A New Hope
58%
16Barad-dûr and OrthancThe Lord Of The Rings: The Two Towers
57%
12"Luke. I am your father."Star Wars: Episode 5: The Empire Strikes Back
56%
17Henry Hill and his friends work their way up through the mob hierarchy.Goodfellas
53%
15Upon admittance to a mental institution, a brash rebel rallies the patients to take on the oppressive head nurse.One Flew Over The Cuckoos Nest
53%
7A dissenting juror in a murder trial slowly manages to convince the others that the case is not as obviously clear as it seemed in court.12 Angry Men
51%
9Faces Sauron, Shelob, Ghouls, Witch Kings and even an ugly man named Gollum.The Lord Of The Rings: The Return Of The King
51%
18The Whole World Isn't Real But Is All A Blanket To Cover Reality.The Matrix
49%
20A poor village under attack by bandits recruits seven unemployed samurai to help them defend themselves.Seven Samurai
47%
8A bounty hunting scam joins two men in an uneasy alliance against a third in a race to find a fortune in gold buried in a remote cemetery.The Good, The Bad and The Ugly
31%

Score Distribution

Percentile by Number Answered

Percent of People with Each Score

Your Score History

You have not taken this quiz since the last reset